The handbook of experiential learning / (Record no. 2641)

MARC details
000 -LEADER
fixed length control field 03261cam a2200397 a 4500
001 - CONTROL NUMBER
control field 14655332
003 - CONTROL NUMBER IDENTIFIER
control field OSt
005 - DATE AND TIME OF LATEST TRANSACTION
control field 20210414114158.0
008 - FIXED-LENGTH DATA ELEMENTS--GENERAL INFORMATION
fixed length control field 061204s2007 caua b 001 0 eng
010 ## - LIBRARY OF CONGRESS CONTROL NUMBER
LC control number 2006100391
015 ## - NATIONAL BIBLIOGRAPHY NUMBER
National bibliography number GBA710112
Source bnb
016 7# - NATIONAL BIBLIOGRAPHIC AGENCY CONTROL NUMBER
Record control number 013660926
Source Uk
020 ## - INTERNATIONAL STANDARD BOOK NUMBER
International Standard Book Number 9780787982584 (cloth)
020 ## - INTERNATIONAL STANDARD BOOK NUMBER
International Standard Book Number 078798258X (cloth)
035 ## - SYSTEM CONTROL NUMBER
System control number (OCoLC)ocm77116736
035 ## - SYSTEM CONTROL NUMBER
System control number (OCoLC)77116736
040 ## - CATALOGING SOURCE
Original cataloging agency DLC
Transcribing agency DLC
Modifying agency BAKER
-- UKM
-- BTCTA
-- C#P
-- YDXCP
-- DLC
050 00 - LIBRARY OF CONGRESS CALL NUMBER
Classification number LB1027.23.H36
082 00 - DEWEY DECIMAL CLASSIFICATION NUMBER
Classification number 153.1/52
Edition number 22
245 04 - TITLE STATEMENT
Title The handbook of experiential learning /
Statement of responsibility, etc. edited by Mel Silberman.
260 ## - PUBLICATION, DISTRIBUTION, ETC.
Place of publication, distribution, etc. San Francisco :
Name of publisher, distributor, etc. Pfeiffer,
Date of publication, distribution, etc. c2007.
300 ## - PHYSICAL DESCRIPTION
Extent ix, 386 p. :
Other physical details ill. ;
Dimensions 25 cm.
500 ## - GENERAL NOTE
General note "An essential knowledge resource"--Jkt.
504 ## - BIBLIOGRAPHY, ETC. NOTE
Bibliography, etc. note Includes bibliographical references and index.
505 ## - FORMATTED CONTENTS NOTE
Formatted contents note Contents: Foundations of experiential learning -- Changing attitudes and behaviors through experiential activity / Mel Silberman --Theoretical foundations of experiential learning / Stephen Fiore, David Metcalf and Rudy McDaniel -- Dynamic debriefing / Roger Greenaway -- Experiential learning methodologies -- Experiential simulations : ten secrets for creating training success / Garry Shirts -- Action learning : resolving real problems in real time / Michael Marquardt -- Junkyard sports : learning through creative play / Bernie DeKoven -- Learning games : hands-on participant-centered activities / Lorraine Ukens -- Computer-based simulations : principles of engagement / Clark Quinn --Improv : its contribution to the art of experiential training / Kat Koppett -- Adventure learning : choose the right peak / Mark Lord -- Role play : principles to increase effectiveness / Les Lauber -- Storytelling : its role in experiential learning / Terrence Gargiulo -- Reflective practice : learning from real-world experience / Brian Remer -- Training applications of experiential learning -- Experiential learning and technical training / Sivasailam Thiagarajan -- Experiential learning in team training / Kevin Eikenberry -- Experiential learning in interpersonal skills development / Mel Silberman -- Experiential learning in diversity training / Julie O'Mara -- Experiential learning in leadership development / Ellen Van Velsor and Joan Gurvis -- Experiential learning in change management / James Chisholm and Greg Warman -- Experiential learning in intercultural training / Sandra Fowler and Judith Blohm -- Experiential learning in emotional intelligence training / Marcia Hughes.
650 #0 - SUBJECT ADDED ENTRY--TOPICAL TERM
Topical term or geographic name entry element Experiential learning.
650 #0 - SUBJECT ADDED ENTRY--TOPICAL TERM
Topical term or geographic name entry element Active learning.
650 #0 - SUBJECT ADDED ENTRY--TOPICAL TERM
Topical term or geographic name entry element Teaching.
700 1# - ADDED ENTRY--PERSONAL NAME
Personal name Silberman, Melvin L.
856 41 - ELECTRONIC LOCATION AND ACCESS
Materials specified Table of contents only
Uniform Resource Identifier <a href="http://www.loc.gov/catdir/toc/ecip076/2006100391.html">http://www.loc.gov/catdir/toc/ecip076/2006100391.html</a>
856 42 - ELECTRONIC LOCATION AND ACCESS
Materials specified Contributor biographical information
Uniform Resource Identifier <a href="http://www.loc.gov/catdir/enhancements/fy0741/2006100391-b.html">http://www.loc.gov/catdir/enhancements/fy0741/2006100391-b.html</a>
856 42 - ELECTRONIC LOCATION AND ACCESS
Materials specified Publisher description
Uniform Resource Identifier <a href="http://www.loc.gov/catdir/enhancements/fy0741/2006100391-d.html">http://www.loc.gov/catdir/enhancements/fy0741/2006100391-d.html</a>
906 ## - LOCAL DATA ELEMENT F, LDF (RLIN)
a 7
b cbc
c orignew
d 1
e ecip
f 20
g y-gencatlg
942 ## - ADDED ENTRY ELEMENTS (KOHA)
Source of classification or shelving scheme Library of Congress Classification
Koha item type Books
Holdings
Withdrawn status Lost status Source of classification or shelving scheme Damaged status Not for loan Home library Current library Shelving location Date acquired Total Checkouts Full call number Barcode Date last seen Price effective from Koha item type
    Library of Congress Classification     WISCONSIN INTERNATIONAL UNIVERSITY COLLEGE, GHANA - MAIN LIBRARY WISCONSIN INTERNATIONAL UNIVERSITY COLLEGE, GHANA - MAIN LIBRARY AEC 11/12/2012   LB1027.23.H36 6920/12 11/12/2012 11/12/2012 Books

If you have any concerns or questions; kindly contact the library


© Powered by WIUC ICT DIRECTORATE